Barclays Bank plc (Respondents) v Harris (FC) (Executor of Beryl Iris Harris (Deceased) (Appellant); Midland Bank plc (Respondents) v Wallace and Another (AP) (Appellant); Royal Bank of Scotland (Respondents) v Etridge (Appellant); National Westminster Bank plc (Respondents) v Gill and Another (AP) (Appellant); UCB Home Loans Corporation Limited (Respondents) v Moore and Another (AP) (Appellant); (Conjoined appeals) Governor and Company of the Bank of Scotland (Respondents) v Bennett and Another (AP) (Appellant); Kenyon Brown (Respondent) v Desmond Banks and Co (Appellants); Barclays Bank plc (Respondents) v Coleman and Another (FC) (Appellant) (Record no. 103229)

MARC details
000 -LEADER
fixed length control field 02303cam a2200289 4500
001 - CONTROL NUMBER
control field X124433
008 - FIXED-LENGTH DATA ELEMENTS--GENERAL INFORMATION
fixed length control field 011101n2001 000 0 eng u
035 ## - SYSTEM CONTROL NUMBER
System control number (Sirsi) u124433
245 ## - TITLE STATEMENT
Title Barclays Bank plc (Respondents) v Harris (FC) (Executor of Beryl Iris Harris (Deceased) (Appellant); Midland Bank plc (Respondents) v Wallace and Another (AP) (Appellant); Royal Bank of Scotland (Respondents) v Etridge (Appellant); National Westminster Bank plc (Respondents) v Gill and Another (AP) (Appellant); UCB Home Loans Corporation Limited (Respondents) v Moore and Another (AP) (Appellant); (Conjoined appeals) Governor and Company of the Bank of Scotland (Respondents) v Bennett and Another (AP) (Appellant); Kenyon Brown (Respondent) v Desmond Banks and Co (Appellants); Barclays Bank plc (Respondents) v Coleman and Another (FC) (Appellant)
260 ## - PUBLICATION, DISTRIBUTION, ETC.
Date of publication, distribution, etc. 2001
520 ## - SUMMARY, ETC.
Summary, etc. [2001] UKHL 44, 11 October 2001. Eight appeals heard together concerning an allegation by wife (W) that a purported charge over her joint interest in her home was unenforceable. W argued that the bank should have been aware that her signature would not have been obtained but for undue influence on the part of the principal debtor, W's husband. HL redefined the principles laid down in "Barclays Bank plc v O'Brien" laying down guidance for banks to follow when seeking surety including ensuring that wives are properly informed and the duty of care owed to wife by advising solicitor. View judgment at www.parliament.the-stationery-office.co.uk/
650 ## - SUBJECT ADDED ENTRY--TOPICAL TERM
Topical term or geographic name entry element MORTGAGES
650 ## - SUBJECT ADDED ENTRY--TOPICAL TERM
Topical term or geographic name entry element UNDUE INFLUENCE
650 ## - SUBJECT ADDED ENTRY--TOPICAL TERM
Topical term or geographic name entry element BANK OF SCOTLAND V BENNETT AND ANOTHER
650 ## - SUBJECT ADDED ENTRY--TOPICAL TERM
Topical term or geographic name entry element BARCLAYS BANK PLC V COLEMAN AND ANOTHER
650 ## - SUBJECT ADDED ENTRY--TOPICAL TERM
Topical term or geographic name entry element BARCLAYS BANK PLC V HARRIS'S EXECUTOR
650 ## - SUBJECT ADDED ENTRY--TOPICAL TERM
Topical term or geographic name entry element BARCLAYS BANK V O'BRIEN
650 ## - SUBJECT ADDED ENTRY--TOPICAL TERM
Topical term or geographic name entry element KENYON BROWN V DESMOND BANKS AND CO
650 ## - SUBJECT ADDED ENTRY--TOPICAL TERM
Topical term or geographic name entry element LENDERS
650 ## - SUBJECT ADDED ENTRY--TOPICAL TERM
Topical term or geographic name entry element MIDLAND BANK PLC V WALLACE AND ANOTHER
650 ## - SUBJECT ADDED ENTRY--TOPICAL TERM
Topical term or geographic name entry element NATIONAL WESTMINSTER BANK PLC V GILL AND ANOTHER
650 ## - SUBJECT ADDED ENTRY--TOPICAL TERM
Topical term or geographic name entry element ROYAL BANK OF SCOTLAND V ETRIDGE
650 ## - SUBJECT ADDED ENTRY--TOPICAL TERM
Topical term or geographic name entry element UCB HOME LOANS CORPORATION LTD V MOORE AND ANOTHER
690 ## - LOCAL SUBJECT ADDED ENTRY--TOPICAL TERM (OCLC, RLIN)
Topical term or geographic name as entry element PROPERTY AND LAND LAW-CASE LAW
856 ## - ELECTRONIC LOCATION AND ACCESS
Uniform Resource Identifier <a href="https://www.parliament.the-stationery-office.co.uk/pa/ld200102/ldjudgmt/jd011011/etridg-1.htm">https://www.parliament.the-stationery-office.co.uk/pa/ld200102/ldjudgmt/jd011011/etridg-1.htm</a>
Public note View judgment on the HL website...
942 ## - ADDED ENTRY ELEMENTS (KOHA)
Suppress in OPAC 0
Holdings
Withdrawn status Lost status Source of classification or shelving scheme Damaged status Not for loan Home library Current library Shelving location Date acquired Total Checkouts Full call number Barcode Date last seen Copy number Price effective from Koha item type
    Dewey Decimal Classification     Virtual Virtual Online 24/11/2003   ONLINE PUBLICATION 124433-1001 06/08/2019 1 06/08/2019 Law report